000
00334nam a22001097a 4500
082
_a
382.609549 SBP
245
_a
Export Receipts May 2006 /
_c
Edited by State Bank of Pakistan
260
_a
Karachi :
_b
State Bank of Pakistan,
_c
2006.
300
_a
350 p. ;
_c
24 cm.
942
_2
ddc
_c
BK
999
_c
586064
_d
586064